| 000 | 00377 a2200157 4500 | ||
|---|---|---|---|
| 001 | 169117 | ||
| 020 | _a | ||
| 040 | _cMagnum | ||
| 100 | _aLara, Tiago Adao | ||
| 240 | 1 | 0 |
_aA escola que nao tive... o professor que nao fui... _lpor |
| 245 | 1 | 0 | _aA escola que nao tive... o professor que nao fui... |
| 362 | 0 | _a1899 | |
| 440 | 1 | _aCortez | |
| 697 | _aENSINO | ||
| 942 | _cBK | ||
| 999 |
_c169117 _d169117 |
||